| 000 | 00527nam a2200181 i 4500 | ||
|---|---|---|---|
| 001 | 72428 | ||
| 003 | ES-MaACL | ||
| 005 | 20250704063114.0 | ||
| 007 | t| | ||
| 008 | 040901s1978 sp ||||1| spa d | ||
| 100 | 1 |
_aGironella, José María, _d1917-2003 _957298 |
|
| 245 | 1 | 3 |
_aEl escándalo de Tierra Santa / _cJosé María Gironella. |
| 250 | _a[10ª ed.]. | ||
| 260 |
_a[Barcelona] : _bPlaza y Janés, _c[1978] |
||
| 300 |
_a622 p. ; _c22 cm. |
||
| 852 |
_aES-MaACL _jA-9489 _bR.97722 |
||
| 999 |
_c72428 _d72428 |
||